| 000 | 00744cam a2200157 4500 | ||
|---|---|---|---|
| 001 | ABS60980 | ||
| 008 | 000000n1999 000 0 eng u | ||
| 035 | _a(Sirsi) u101528 | ||
| 100 | _aLewison, K. | ||
| 245 | _aNo licence can be judge-proof. | ||
| 260 | _c1999 | ||
| 490 |
_aProperty Week _v64(27) 9 July 1999, 34(1) |
||
| 520 | _aDiscusses the implications of the (unreported) case Gary Bruton v London Quadrant Housing, where the point at issue was whether a lease has to be shown as being proprietary before it is defined as a tenancy. The House of Lords ruled that although a lease will usually create a proprietary interest, it is not an essential characteristic that it does. | ||
| 690 | _aPROPERTY-LANDLORD AND TENANT | ||
| 942 | _n0 | ||
| 999 |
_c60660 _d60660 |
||